000 00717nam a22002177a 4500
999 _c14985
_d14985
003 MIRAKIL
005 20220907140158.0
008 220907b tu ||||| |||| 00| 0 tur d
020 _a9786052987483
040 _aTR-AnCHP
_cTR-AnCHP
041 _aTur
082 _a320.9561
_bB27t 2021
100 1 _aBaşbuğ, İlker
245 1 0 _aTürkiye Cumhuriyeti'nde (1961-1980) güç odaklarının mücadelesi /
_cİlker Başbuğ.
260 _aİstanbul :
_bKırmızı Kedi Yayınevi,
_c2021.
300 _a475 s. ;
_c24 sm.
490 0 _aKırmızı Kedi Yayınevi ;
_aİnceleme ;
_v1345
_v118.
504 _aKaynakça ve dizin vardır.
650 0 _99
_aSiyaset ve yönetim
_xTürkiye
_y1961-1980
942 _2ddc
_cBKS